00448 a2200145 4500020001500000050002000015100001700035245005800052264004400110300004200154500001900196650002400215650004500239700001800284 a0044450621 aP 94.6 CAR 1988 aCarey. J . W aCommunication as CulturebEssays On Media and Society aBritainbRoutledgecNew York and London aIncludes bibliographybIncludes Index aincludes index aMass MediaxCulture aCommunication -Technological innovations aCarey . J . W